00472cam a22002051 4500001001300000003000400013005001700017008004100034010001700075035002000092040001800112042001200130050002100142100002100163245002000184260001100204300001900215500001500234999001700249sa 66004905 DLC20260227112245.0881028s1965 xx 000 0 beno  asa 66004905  a(OCoLC)23573734 aDLCcMiUdDLC apremarc00aPK2098.12.S5bM31 aAshraf, Shaheed.10aMana madhukara. c[1965] a200 p.c19 cm. aRomanized. c69666d69666